000 00278nam a2200097Ia 4500
082 _a694.6 TRIM
245 0 _aTrim : step-by-step
100 _a Barrett, Neal, Upper Saddle River, N.J., [c.2009] 2nd ed
_959518
942 _cBK
008 210817s9999 xx 000 0 und d
999 _c187056
_d187055